书目信息 |
| 题名: |
热流道注射模塑
|
|
| 作者: | 徐佩弦 , 张占波 , 王利军 编著 | |
| 分册: | ||
| 出版信息: | 北京 机械工业出版社 2016.08 |
|
| 页数: | 506页 | |
| 开本: | 24cm | |
| 丛书名: | 智能制造与装备制造业转型升级丛书 | |
| 单 册: | ||
| 中图分类: | TQ320.66 | |
| 科图分类: | ||
| 主题词: | 注塑--塑料模具 | |
| 电子资源: | ||
| ISBN: | 978-7-111-54016-8 | |
| 000 | 01225oam2 2200313 450 | |
| 001 | 0100004096 | |
| 005 | 20160901092035.2 | |
| 010 | @a978-7-111-54016-8@dCNY99.00 | |
| 100 | @a20160901d2016 em y0chiy50 ea | |
| 101 | 0 | @achi |
| 102 | @aCN@b110000 | |
| 105 | @aak z 000yy | |
| 106 | @ar | |
| 200 | 1 | @a热流道注射模塑@Are liu dao zhu she mo su@f徐佩弦,张占波,王利军编著 |
| 210 | @a北京@c机械工业出版社@d2016.08 | |
| 215 | @a506页@c图@d24cm | |
| 225 | 2 | @a智能制造与装备制造业转型升级丛书 |
| 312 | @a封面英文题名:Hot runners in injection molding | |
| 330 | @a本书全面系统地介绍了塑料注射模的现代热流道技术。主要内容包括:热流道概述,塑料注射材料,塑料熔体流变学,热流道的热传递和热膨胀,开放式喷嘴,针阀式喷嘴,热流道系统的流道板,温度控制系统,浇注系统的设计,先进的热流道注射模,热流道注射模的安装、使用和维护。 | |
| 333 | @a化学工业研究者 | |
| 410 | 0 | @12001 @a智能制造与装备制造业转型升级丛书 |
| 510 | 1 | @aHot runners in injection molding@zeng |
| 606 | 0 | @a注塑@x塑料模具 |
| 690 | @aTQ320.66@v5 | |
| 701 | 0 | @a徐佩弦@Axu pei xian@4编著 |
| 701 | 0 | @a张占波@Azhang zhan bo@4编著 |
| 701 | 0 | @a王利军@Awang li jun@4编著 |
| 801 | 0 | @aCN@c201701015 |
| 905 | @a河南城建学院图书馆@dTQ320.66@eX777 | |
| 热流道注射模塑/徐佩弦,张占波,王利军编著.-北京:机械工业出版社,2016.08 |
| 506页:图;24cm.-(智能制造与装备制造业转型升级丛书) |
| 使用对象:化学工业研究者 |
| ISBN 978-7-111-54016-8:CNY99.00 |
| 本书全面系统地介绍了塑料注射模的现代热流道技术。主要内容包括:热流道概述,塑料注射材料,塑料熔体流变学,热流道的热传递和热膨胀,开放式喷嘴,针阀式喷嘴,热流道系统的流道板,温度控制系统,浇注系统的设计,先进的热流道注射模,热流道注射模的安装、使用和维护。 |
| ● |
| 相关链接 |
|
|
|
正题名:热流道注射模塑
索取号:TQ320.66/X777
 
预约/预借
| 序号 | 登录号 | 条形码 | 馆藏地/架位号 | 状态 | 备注 |
| 1 | 1363024 | 213630249 | 自科库501/501自科库 140排7列6层/ [索取号:TQ320.66/X777] | 在馆 | |
| 2 | 1363025 | 213630258 | 自科库501/501自科库 140排7列6层/ [索取号:TQ320.66/X777] | 在馆 |